Chemical analysis : (Record no. 193)

MARC details
000 -LEADER
fixed length control field 01535nac a22003851i 4500
003 - CONTROL NUMBER IDENTIFIER
control field EG-ScBUE
005 - DATE AND TIME OF LATEST TRANSACTION
control field 20250812085317.0
008 - FIXED-LENGTH DATA ELEMENTS--GENERAL INFORMATION
fixed length control field 250721r20051992enka f b 001 0 eng d
020 ## - INTERNATIONAL STANDARD BOOK NUMBER
International Standard Book Number 0471972614 (pbk : acid-free paper)
020 ## - INTERNATIONAL STANDARD BOOK NUMBER
International Standard Book Number 9780471972617
040 ## - CATALOGING SOURCE
Original cataloging agency EG-ScBUE
Language of cataloging eng
Description conventions rda
Transcribing agency EG-ScBUE
Modifying agency EG-ScBUE
041 1# - LANGUAGE CODE
Language code of text/sound track or separate title eng
Language code of original and/or intermediate translations of text fre
082 04 - DEWEY DECIMAL CLASSIFICATION NUMBER
Classification number 543.21
Item number ROU
Edition number 22
100 1# - MAIN ENTRY--PERSONAL NAME
Personal name Rouessac, Francis,
Relator term author.
240 10 - UNIFORM TITLE
Uniform title <a href="Analyse chimique.">Analyse chimique.</a>
Language of a work English
245 10 - TITLE STATEMENT
Title Chemical analysis :
Remainder of title modern instrumental methods and techniques /
Statement of responsibility, etc Francis Rouessac, Annick Rouessac ; translated by Michel Bertrand and Karen Waldron, University of Montreal.
250 ## - EDITION STATEMENT
Edition statement English edition.
250 ## - EDITION STATEMENT
Edition statement Reprint edition.
264 #1 - PUBLICATION, DISTRIBUTION, ETC. (IMPRINT)
Place of publication, distribution, etc Chichester :
Name of publisher, distributor, etc John Wiley & Sons, LTD,
Date of publication, distribution, etc 2005.
300 ## - PHYSICAL DESCRIPTION
Extent xxiv, 445 pages :
Other physical details illustrations ;
Dimensions 25 cm
336 ## - CONTENT TYPE
Source rdacontent
Content type term text
Content type code txt
337 ## - MEDIA TYPE
Media type term unmediated
Source rdamedia
Media type code n
338 ## - CARRIER TYPE
Carrier type term volume
Carrier type code nc
Source rdacarrier
500 ## - GENERAL NOTE
General note Includes Appendices.<br/>
504 ## - BIBLIOGRAPHY, ETC. NOTE
Bibliography, etc Includes bibliographical references and index.<br/>
546 ## - LANGUAGE NOTE
Language note Text in English ; translated from the original French language.<br/>
650 #7 - SUBJECT ADDED ENTRY--TOPICAL TERM
Topical term or geographic name as entry element Instrumental analysis.
Source of heading or term BUEsh
655 ## - INDEX TERM--GENRE/FORM
Form subdivision Reading book
700 1# - ADDED ENTRY--PERSONAL NAME
Personal name Rouessac, Annick,
Relator term author.
700 1# - ADDED ENTRY--PERSONAL NAME
Personal name Bertrand, Michel,
Relator term translator.
700 1# - ADDED ENTRY--PERSONAL NAME
Personal name Waldron, Karen,
Relator term translator.
856 42 - ELECTRONIC LOCATION AND ACCESS
Materials specified Publisher description
Uniform Resource Identifier <a href="http://www.loc.gov/catdir/description/wiley037/99058872.html">http://www.loc.gov/catdir/description/wiley037/99058872.html</a>
856 42 - ELECTRONIC LOCATION AND ACCESS
Materials specified Table of Contents
Uniform Resource Identifier <a href="http://www.loc.gov/catdir/toc/onix06/99058872.html">http://www.loc.gov/catdir/toc/onix06/99058872.html</a>
942 ## - ADDED ENTRY ELEMENTS (KOHA)
Koha item type Book - Borrowing
Source of classification or shelving scheme Dewey Decimal Classification
Holdings
Withdrawn status Lost status Source of classification or shelving scheme Damaged status Not for loan Collection code Home library Current library Shelving location Date acquired Cost, normal purchase price Total Checkouts Total Renewals Full call number Barcode Checked out Date last seen Date checked out Cost, replacement price Price effective from Koha item type Source of acquisition
    Dewey Decimal Classification     Baccah Central Library Central Library First floor 09/02/2006 340.00 3 83 543.21 ROU 000004536 07/06/2025 10/11/2014 10/11/2014 425.00 09/02/2006 Book - Borrowing  
    Dewey Decimal Classification     Baccah Central Library Central Library First floor 09/02/2006 340.00 2 1 543.21 ROU 000001687   15/07/2025 21/02/2017 425.00   Book - Borrowing Purchase